000 00345nam a22001337a 4500
020 _a0735709726
082 _222
_a005.72
100 _aWeinman, Lynda and Weinman, William.
245 _aCreative HTML design 2 /
250 _a2md.
260 _aIndianapolis,
_bNew Riders,
_cc2001.
300 _axxviii, 512p. ;
_bill. ;
_c23 cm.
942 _2ddc
_cIT
999 _c1328
_d1328